The Wiley engineer's desk reference : (Record no. 16167)
[ view plain ]
| 000 -LEADER | |
|---|---|
| fixed length control field | 00893cam a22002655a 4500 |
| 001 - CONTROL NUMBER | |
| control field | 2125789 |
| 005 - DATE AND TIME OF LATEST TRANSACTION | |
| control field | 20180109141403.0 |
| 008 - FIXED-LENGTH DATA ELEMENTS--GENERAL INFORMATION | |
| fixed length control field | 970722s1998 nyua bf 001 0 eng d |
| 020 ## - INTERNATIONAL STANDARD BOOK NUMBER | |
| International Standard Book Number | 0471168270 |
| 020 ## - INTERNATIONAL STANDARD BOOK NUMBER | |
| International Standard Book Number | 9780471168270 |
| 040 ## - CATALOGING SOURCE | |
| Original cataloging agency | DLC |
| Transcribing agency | DLC |
| Modifying agency | DLC |
| -- | EG-ScBUE |
| Language of cataloging | eng |
| 082 04 - DEWEY DECIMAL CLASSIFICATION NUMBER | |
| Classification number | 620 |
| Edition number | 22 |
| Item number | HEI |
| 100 1# - MAIN ENTRY--PERSONAL NAME | |
| Personal name | Heisler, Sanford I. |
| 9 (RLIN) | 27619 |
| 245 14 - TITLE STATEMENT | |
| Title | The Wiley engineer's desk reference : |
| Remainder of title | a concise guide for the professional engineer / |
| Statement of responsibility, etc | Sanford I. Heisler. |
| 246 30 - VARYING FORM OF TITLE | |
| Title proper/short title | Engineer's desk reference |
| 250 ## - EDITION STATEMENT | |
| Edition statement | 2nd ed. |
| 260 ## - PUBLICATION, DISTRIBUTION, ETC. (IMPRINT) | |
| Place of publication, distribution, etc | New York : |
| Name of publisher, distributor, etc | John Wiley & Sons, |
| Date of publication, distribution, etc | c.1998. |
| 300 ## - PHYSICAL DESCRIPTION | |
| Extent | xix, 690 p. : |
| Other physical details | ill. ; |
| Dimensions | 25 cm. |
| 504 ## - BIBLIOGRAPHY, ETC. NOTE | |
| Bibliography, etc | Includes bibliographical references and index. |
| 650 #7 - SUBJECT ADDED ENTRY--TOPICAL TERM | |
| Topical term or geographic name as entry element | Engineering |
| General subdivision | Handbooks, manuals, etc. |
| 9 (RLIN) | 27620 |
| Source of heading or term | BUEsh |
| 651 ## - SUBJECT ADDED ENTRY--GEOGRAPHIC NAME | |
| Source of heading or term | BUEsh |
| 653 ## - INDEX TERM--UNCONTROLLED | |
| Resource For college | Generalities |
| -- | Engineering, General |
| Arrived date list | October2011 |
| -- | January2018 |
| 710 2# - ADDED ENTRY--CORPORATE NAME | |
| Corporate name or jurisdiction name as entry element | John Wiley & Sons. |
| 9 (RLIN) | 27621 |
| 942 ## - ADDED ENTRY ELEMENTS (KOHA) | |
| Source of classification or shelving scheme | Dewey Decimal Classification |
| Withdrawn status | Item status | Source of classification or shelving scheme | Damaged status | Not for loan | Vendor | Home library | Current library | Shelving location | Date acquired | Cost, normal purchase price | Total Checkouts | Full call number | Barcode | Date last seen | Koha item type |
|---|---|---|---|---|---|---|---|---|---|---|---|---|---|---|---|
| Dewey Decimal Classification | سور الازبكية | Central Library | Central Library | Ground Floor | 26/10/2011 | 160.00 | 620 HEI | 000025504 | 15/07/2025 | Reference (NB) | |||||
| Dewey Decimal Classification | Central Library | Central Library | Ground Floor | 09/01/2018 | 620 HEI | 000047129 | 15/07/2025 | Reference (NB) |